[Event "EIWCC 2017"]
[Site "Riga"]
[Date "2017.04.16"]
[Round "6"]
[White "Ivanenko, Olga I"]
[Black "Savina, Anastasia"]
[Result "1-0"]
[WhiteElo "2252"]
[BlackElo "2378"]
[Annotator "TA"]
[PlyCount "119"]
[EventDate "2017.??.??"]
[EventType "swiss"]
[EventCountry "LAT"]
[SourceTitle "playchess.com"]
[Source "ChessBase"]
[SourceQuality "1"]

{[%evp 14,119,39,26,27,43,67,35,24,-8,0,-10,-10,-16,12,4,25,18,8,8,20,19,21,0,10,19,71,33,54,6,6,6,12,14,12,6,9,6,12,16,43,36,41,44,33,15,37,45,76,29,29,10,14,0,18,13,10,10,30,8,21,0,35,0,0,-7,0,0,0,0,0,0,0,0,72,8,19,8,20,22,57,63,102,105,89,97,136,135,135,132,204,192,181,161,166,171,340,314,2736,2256,29983,29984,29984,29985,29985,29986,29997,29998]} 1. e4 c5 2. Nf3 e6 3. d4 cxd4 4. Nxd4 a6 5. Nc3 b5 6. Bd3 Qb6 7. Nf3 Qc7 8. O-O Bb7 {B43: Sicilian: Kan Variation: 5 Nc3} 9. Re1 Be7 (9... Nf6 10. e5 Nd5 11. Ne4 Nc6 12. Ng3 g6 13. c3 Bg7 14. Qe2 O-O 15. a4 b4 16. c4 {0-1 (57) Movsesian,S (2673)-Andreikin,D (2737) Tallinn 2016}) 10. Bd2 Nc6 {White is slightly better.} 11. a4 b4 12. Na2 Nf6 $1 {[%cal Bg8f6,Bf6d5,Bd5b4,Bb4d3][%mdl 32]} 13. c3 d5 $146 (13... bxc3 $5 {is more complex.} 14. Bxc3 O-O 15. Qc2 d6 16. b4 Rfc8) (13... bxc3 14. Bxc3 a5 15. Nd4 O-O 16. Nb5 {0-1 (50) Andreev,E (2441)-David,A (2572) Paleochora 2016}) 14. exd5 (14. Nxb4 $2 Nxb4 15. cxb4 dxe4 $19) 14... Nxd5 15. cxb4 Ncxb4 16. Nxb4 Nxb4 17. Rc1 Qd8 18. Be4 Bxe4 19. Rxe4 a5 (19... Nd5 $11 {keeps the balance.}) 20. Qe2 Qd3 21. Qxd3 Nxd3 22. Rc3 Nb4 23. Rc7 Nd5 24. Rb7 O-O 25. Rb5 $36 {[%mdl 2048] Threatens to win with Rxd5! Black is under pressure.} Bb4 26. Rc4 Rfd8 27. g3 h6 28. Bxb4 Nxb4 29. Rc7 Rd1+ 30. Kg2 Nd5 31. Rcc5 Ra1 32. b3 Ra2 {And now ...Ne3+ would win.} 33. Nd4 (33. Rxa5 Ne3+ 34. Kh3 Rxa5 35. Rxa5 Rxf2 $19) 33... g5 (33... Nb4 $5 {seems wilder.} 34. Nc6 Nd3 35. Rxa5 Rf8 36. Rc3 Nxf2 37. Kf3 Nh3) 34. Rc2 Rxc2 35. Nxc2 $11 {[%mdl 4096] Endgame KRN-KRN} Nc3 36. Rc5 Ne4 37. Rb5 Rd8 38. Kf3 f5 {Strongly threatening ...Rd2.} 39. g4 Nc3 (39... Rd3+ $5 40. Ne3 $8 Nc3 41. Rb8+ Kh7 42. Rb7+ (42. gxf5 exf5 43. Kg2 f4 $11) 42... Kg6 $11) 40. Rxa5 Rd3+ 41. Kg2 Ne2 42. gxf5 Nf4+ 43. Kf1 Rxb3 {[#]} (43... exf5 $11 44. Rb5 (44. Rxf5 Rc3 45. Ne1 Rxb3 $11) 44... Rd1+ 45. Ne1 Rb1) 44. fxe6 ({Better is} 44. Ke1 $1 $16) 44... Rb1+ 45. Ne1 {Ra8+ is the strong threat.} Nxe6 (45... Kf8 $5 {with more complications.} 46. Ra8+ Ke7 47. a5 Ra1 48. a6 Nxe6 49. a7 Kf7) 46. Ke2 Rb2+ 47. Kf3 Kg7 {[#]} 48. Nd3 $1 Ra2 49. Ra6 Nd4+ 50. Ke4 Nb3 51. Kd5 Ra3 (51... h5 $16 52. h3 h4) 52. Ne5 $18 Ra2 53. Ra7+ Kg8 54. f3 {[%cal Bf2f3,Bf3e4][%mdl 32]} h5 $2 (54... Rxh2 55. Ng4 Rh1) 55. Ke6 {Hoping for Kf6.} g4 $2 (55... Rxa4 56. Rxa4 Nc5+ 57. Kf6 Nxa4 58. Kxg5 h4 59. Kxh4 Nc5) 56. Kf6 {Threatening mate with Ng6.} ({Weaker is} 56. fxg4 hxg4 57. Kf6 (57. Nxg4 Nc5+ 58. Kf6 Rxa4 59. Rxa4 Nxa4 $16) 57... Rxh2 58. Ra8+ (58. Nxg4 Rh4 $18) 58... Kh7 $18) 56... Nc5 57. Ng6 {[%csl Gf6][%cal Ra7g7] White mates.} Ne4+ 58. fxe4 {[%csl Gf6][%cal Ra7g7]} Rf2+ 59. Kg5 g3 60. Kh6 1-0

[Event "EIWCC 2017"]
[Site "Riga"]
[Date "2017.04.16"]
[Round "6"]
[White "Komiagina, Maria"]
[Black "Krumina, Linda"]
[Result "1-0"]
[WhiteElo "2247"]
[BlackElo "2090"]
[Annotator "TA"]
[PlyCount "63"]
[EventDate "2017.??.??"]
[EventType "swiss"]
[EventCountry "LAT"]
[SourceTitle "playchess.com"]
[Source "ChessBase"]
[SourceQuality "1"]

{[%evp 11,63,11,41,0,0,0,0,-51,0,-25,17,16,13,18,25,17,24,20,32,19,29,11,22,16,16,9,47,38,38,27,81,14,85,91,128,113,100,85,191,188,157,40,495,472,481,482,914,914,1701,1650,29975,29974,2193,2067]} 1. e4 c5 2. Nf3 e6 3. d4 cxd4 4. Nxd4 Nf6 5. Nc3 Nc6 6. Nxc6 dxc6 7. Bd3 {B45: Sicilian Four Knights} (7. Qxd8+ Kxd8 8. e5 Nd5 9. Ne4 Kc7 10. Bd2 a5 11. h4 f5 12. exf6 gxf6 13. c4 Nb4 14. Kd1 Bg7 {½-½ (68) Olofsson,D (2564)-Copar,A (2502) ICCF email 2012}) 7... e5 8. h3 Bc5 9. f4 $146 ({White should try} 9. O-O $11) (9. Qf3 O-O 10. Bg5 Be7 11. O-O Be6 12. Ne2 Nd7 13. Be3 Bg5 14. Rad1 Bxe3 15. fxe3 {0-1 (70) Douriet Duany,A-Garbarino,R (2393) Buenos Aires 2003}) 9... Qe7 (9... exf4 $15 10. Bxf4 Be6) 10. Qf3 (10. f5 $5 {looks sharper.} b5 11. Qf3 Bb7 12. Bd2 h6 13. O-O-O) 10... Nd7 11. f5 b5 12. Bd2 a5 13. Ne2 a4 14. g4 Bb4 15. c3 Ba5 16. b4 axb3 17. axb3 {[#] Black must now prevent b4.} Bb7 18. b4 $36 {[%mdl 2048] White has the initiative.} Bc7 19. Rxa8+ Bxa8 20. O-O {[%cal Bh1f1,Bf1d1,Bd1d6][%mdl 32]} Qd6 (20... h6 $11) 21. Be1 (21. Rd1 $16) 21... Nb6 (21... O-O $11) 22. Bf2 $16 Na4 23. Bc2 Bb6 24. Rd1 Qc7 (24... Qb8 $16 {might work better.}) 25. f6 $18 g6 {[#]} 26. c4 (26. Bxa4 $1 $16 bxa4 27. c4) 26... h5 $2 {[%mdl 8192]} ({Better is} 26... Bxf2+ $14 27. Kxf2 (27. Qxf2 Nb2 $14) 27... Nb2) 27. c5 Ba7 28. Rd6 h4 (28... Nb6 $142 29. cxb6 Bxb6) 29. Qa3 Bb7 30. Qa1 Bb8 31. Qxe5+ Kf8 32. Qd4 1-0

[Event "EIWCC 2017"]
[Site "Riga"]
[Date "2017.04.16"]
[Round "6"]
[White "Mammadova, Narmin"]
[Black "Azimova, Karina"]
[Result "1/2-1/2"]
[WhiteElo "2240"]
[BlackElo "2072"]
[Annotator "TA"]
[PlyCount "96"]
[EventDate "2017.??.??"]
[EventType "swiss"]
[EventCountry "LAT"]
[SourceTitle "playchess.com"]
[Source "ChessBase"]
[SourceQuality "1"]

{[%evp 13,96,-4,-3,-20,-14,-42,-14,-10,0,0,0,-7,6,-13,0,-24,-20,-29,0,-29,-33,-86,-85,-111,-98,-135,-133,-117,-114,-116,-100,-104,-93,-118,-121,-163,-140,-137,-116,-118,-114,-133,-114,-105,-115,-110,-101,-116,-35,-71,-54,-69,-73,-115,-93,-98,0,0,0,0,0,0,0,-46,0,-60,-60,-60,-62,-62,-57,-62,-45,-57,-8,-8,-8,-8,-8,-8,-8,-8,-8,-8,-8]} 1. e4 Nf6 {[%cal Bg8f6,Bf6d5,Bd5b6][%mdl 32]} 2. e5 Nd5 3. c4 Nb6 4. c5 Nd5 5. d4 {B02: Alekhine's Defence: Chase Variation and lines with early Nc3} (5. Nc3 e6 6. Nxd5 exd5 7. d4 d6 8. cxd6 cxd6 9. Nf3 Nc6 10. Be2 Be7 11. O-O Qb6 12. b3 Bf5 13. Ba3 Rd8 14. Qd2 O-O 15. Qf4 dxe5 16. Qxf5 g6 17. Qh3 Bxa3 18. dxe5 Kg7 {1-0 (28) Luther,T (2581)-Bauer,C (2646) Austria 2015}) 5... d6 6. cxd6 exd6 7. Nf3 dxe5 {LiveBook: 3 Games} 8. dxe5 Bb4+ 9. Bd2 (9. Nbd2 $5 {seems wilder.} O-O 10. a3 Bxd2+ 11. Qxd2 Nc6 12. Be2) 9... Bxd2+ (9... O-O $5 {is more complex.} 10. Bb5 a6 11. Be2 Nc6 12. O-O Bf5) 10. Qxd2 $146 (10. Nbxd2 Bf5 11. Be2 O-O 12. O-O Nf4 {½-½ (58) Kuzmin,N (2118)-Popov,E (2042) Novosibirsk 2010}) 10... O-O 11. Be2 c6 12. O-O Bg4 13. Na3 Nb6 {Strongly threatening ...Qxd2.} 14. Qf4 Bxf3 15. Bxf3 Qc7 16. Rfe1 N8d7 17. Be4 ({White should try} 17. Qg3 $15) 17... g6 $17 18. Qh4 Nxe5 19. f4 Ned7 20. f5 Qd8 (20... Rae8 $5 {is interesting.} 21. Rad1 Qe5 22. Qf2 Qf6 23. Nb1 Re5) 21. Qf2 Nf6 22. Bc2 Nfd5 23. Rf1 Qf6 24. Be4 Rae8 {[%cal Ba8e8,Be8e5,Be5d5][%mdl 32]} 25. Rae1 Re5 26. Qg3 {aiming for fxg6.} g5 27. h4 h6 28. hxg5 hxg5 29. Bxd5 Rxd5 30. Re4 Qg7 ({Wrong is} 30... Rxf5 $2 31. Rxf5 Qxf5 32. Re5 Qxe5 33. Qxe5 $18) ({Black should play} 30... Rd4 $17 31. Qc3 c5) 31. f6 {[#]} Qg6 $1 {[%cal Rg6e4]} 32. Re5 Rfd8 33. Qe3 Rxe5 34. Qxe5 Rd5 (34... g4 $17 35. Qe7 Rd2) 35. Qb8+ $11 Kh7 36. Qxb7 Rd2 37. Qxc6 ({Reject} 37. Qxa7 Rxb2 38. Qb7 Qh5 $15) 37... Rxb2 38. Nb5 Rxa2 (38... Rb1 $5 {looks sharper.} 39. Rxb1 Qxb1+ 40. Kh2 Qf5 41. Qe8 Qf4+) 39. Nxa7 (39. Nd6 $11) 39... Qc2 $15 40. Qxc2+ Rxc2 {[%mdl 4096] Endgame KRN-KRN} 41. Nb5 Kg6 42. Nd4 Rc4 43. Nf3 {And now Ne5+ would win.} Rf4 44. Ne5+ {The position is equal.} Kxf6 45. Rxf4+ gxf4 {[#]} 46. Nxf7 $1 {[%mdl 512]} Kxf7 47. Kf2 Nd5 {Threatens to win with ...Nf6.} 48. g3 fxg3+ 1/2-1/2

[Event "EIWCC 2017"]
[Site "Riga"]
[Date "2017.04.16"]
[Round "6"]
[White "Kantane, Anna"]
[Black "Baptista, Ana Filipa"]
[Result "1-0"]
[WhiteElo "2230"]
[BlackElo "2071"]
[Annotator "TA"]
[PlyCount "67"]
[EventDate "2017.??.??"]
[EventType "swiss"]
[EventCountry "LAT"]
[SourceTitle "playchess.com"]
[Source "ChessBase"]
[SourceQuality "1"]

{[%evp 17,67,12,17,23,29,0,0,2,4,0,0,0,0,0,0,0,0,0,0,17,0,0,50,51,40,0,0,5,184,59,226,226,226,226,535,566,560,568,741,736,927,912,814,433,424,415,514,447,397,360,1139,1024]} 1. e4 c5 2. Nf3 e6 3. d4 cxd4 4. Nxd4 Nf6 5. Nc3 d6 6. g4 h6 7. h4 Nc6 8. g5 hxg5 9. Bxg5 Qb6 10. Nb3 {B81: Sicilian Scheveningen: Keres Attack} Bd7 11. Qd2 Ne5 12. Rh3 {The position is equal.} Rc8 13. O-O-O Rxc3 $146 (13... a6 14. Kb1 Qc7 15. f4 Nc4 16. Bxc4 Qxc4 17. Bxf6 gxf6 {1-0 (72) Della Morte,G (2363)-Obregon,C (2517) Villa Martelli 2016}) 14. Qxc3 Nxe4 15. Qe1 $1 {[%cal Re1e4]} Nxg5 16. hxg5 Rxh3 17. Bxh3 Nf3 18. Qe2 Nxg5 19. Bg2 Bc6 20. f4 Bxg2 21. fxg5 Bh3 22. Nd4 $36 {[%mdl 2048] Strongly threatening Qf3. White has good play.} e5 $2 {[#]} (22... g6 $1 $11) 23. Qh5 (23. g6 $1 $18 {[%mdl 512] And now Qf3 would win.} Bd7 (23... fxg6 24. Qd3) 24. gxf7+ Kd8 25. Qh5) 23... Bg2 $2 {[#]} (23... Bc8 $1 $14) 24. g6 $1 $18 {[%cal Rg6f7]} Bd5 25. Nf5 Be6 $2 (25... fxg6 {is more resistant.} 26. Qxg6+ Bf7 27. Nxg7+ Bxg7 28. Qxg7 Qe3+ 29. Kb1 Qe2) 26. gxf7+ Bxf7 27. Qh8 {aiming for Nxd6+.} d5 28. Nxg7+ Ke7 29. Nf5+ Ke8 30. Qxe5+ Kd7 31. Kb1 Qf2 32. Ne3 Bd6 33. Qd4 {Threatens to win with Rf1.} Bg6 $2 (33... Bf4 34. Qa4+ (34. Qxa7 Qxe3 35. Qxb7+ Bc7 $16) 34... Kc8) 34. Qxd5 1-0

[Event "EIWCC 2017"]
[Site "Riga"]
[Date "2017.04.16"]
[Round "6"]
[White "Balaian, Alina"]
[Black "Brunello, Marina"]
[Result "0-1"]
[WhiteElo "2229"]
[BlackElo "2354"]
[Annotator "TA"]
[PlyCount "98"]
[EventDate "2017.??.??"]
[EventType "swiss"]
[EventCountry "LAT"]
[SourceTitle "playchess.com"]
[Source "ChessBase"]
[SourceQuality "1"]

{[%evp 18,98,18,16,19,7,23,15,33,22,43,35,33,25,36,13,24,0,0,0,0,-27,-27,-25,-12,-4,0,0,0,0,0,0,4,0,18,0,10,0,0,-28,27,0,16,-68,-84,-83,-67,-22,0,0,0,-116,-129,-243,-257,-242,-231,-243,-247,-199,-8,-412,-405,-421,-407,-496,-462,-485,-479,-469,-463,-455,-462,-549,-532,-679,-646,-29973,-29973,-29970,-29970,-6202,-5303]} 1. e4 c5 2. Nf3 d6 3. d4 cxd4 4. Nxd4 Nf6 5. Nc3 a6 6. Be2 e5 7. Nb3 Be7 8. O-O O-O 9. Kh1 Nc6 {B92: Sicilian Najdorf: 6 Be2} (9... b6 10. f3 Bb7 11. a4 Nc6 12. Bg5 Nb4 13. Nb1 h6 14. Bxf6 Bxf6 15. Na3 Qc7 16. c3 Nc6 17. Nc4 Rfd8 18. Qd3 Ne7 19. Qe3 {½-½ (39) Ivanchuk,V (2747)-Vachier Lagrave,M (2804) Doha 2016}) 10. f3 {LiveBook: 81 Games} Be6 11. Nd5 Bxd5 {The position is equal.} 12. exd5 Nb4 13. c4 {And now a3 would win.} a5 14. Bd2 b6 $1 15. Nc1 $146 (15. Bxb4 axb4 16. Qd2 Nd7 17. Qxb4 {0-1 (37) Solozhenkin,E (2489)-Kulaots,K (2592) Finland 2012}) 15... Na6 16. Be3 Nc5 17. Bxc5 bxc5 18. Bd3 Nh5 19. Qc2 g6 20. g3 Bf6 21. Ne2 {[%cal Bc1e2,Be2c3,Bc3b5][%mdl 32]} Bg7 22. Nc3 Rb8 23. Rae1 f5 24. Nb5 Qd7 25. Qd2 Ra8 26. Rf2 Bf6 27. Bf1 Ng7 28. Bh3 h5 (28... a4 $142) 29. Rg2 Kf7 30. g4 (30. Rgg1 $11) 30... hxg4 $15 31. fxg4 Rh8 $36 {[%mdl 2048] Black is more active.} 32. Qd3 $1 e4 {[#]} 33. gxf5 $1 {[%mdl 512]} gxf5 34. Qg3 (34. Rxg7+ $11 {keeps the balance.} Bxg7 35. Rxe4 $1 {[%mdl 512]}) 34... Be5 $17 35. Qg6+ (35. Qe3 $17 {keeps fighting.} Rh5 36. Nc3 (36. Reg1 $2 Rah8 37. Rg3 Ne8 $19)) 35... Kf8 $19 36. Re3 {[#] next Rf2 is good for White.} Qf7 $1 37. Nxd6 {[%csl Gd6][%cal Rg6f7]} Qxg6 38. Rxg6 Bf4 $2 (38... Ra6 $19 39. Rxg7 Kxg7 40. Nxf5+ Kf6) 39. Rc3 $2 {[%mdl 8192]} (39. Rxg7 $1 $11 {and White has nothing to worry.} Bxd6 40. Rg6 (40. Rg5 f4 41. Rxe4 Rxh3 $11)) 39... e3 40. Bf1 ({Much weaker is} 40. Nxf5 Nxf5 41. Bxf5 e2 42. Rf6+ Kg7 $19) 40... Ra6 ({Stronger than} 40... Bxh2 41. Kg2 $11) ({Not} 40... Rxh2+ 41. Kg1 Ra6 42. Rxg7 Kxg7 43. Nxf5+ Kh8 44. Nxe3 Rxb2 45. Ng4 $19) 41. Rxg7 {aiming for Rf7+.} Kxg7 42. Nxf5+ Kf6 43. Nxe3 Rxh2+ 44. Kg1 Rxb2 45. Ng2 Be5 46. Rf3+ Kg5 47. Bd3 {Strongly threatening Rf5+.} Bd4+ 48. Ne3 Rf6 49. Rh3 Kf4 0-1

[Event "EIWCC 2017"]
[Site "Riga"]
[Date "2017.04.16"]
[Round "6"]
[White "Stetsko, Lanita"]
[Black "Narva, Regina"]
[Result "1-0"]
[WhiteElo "2226"]
[BlackElo "2000"]
[Annotator "TA"]
[PlyCount "119"]
[EventDate "2017.??.??"]
[EventType "swiss"]
[EventCountry "LAT"]
[SourceTitle "playchess.com"]
[Source "ChessBase"]
[SourceQuality "1"]

{[%evp 15,119,108,116,94,94,103,158,153,147,84,70,87,80,85,147,39,35,41,50,36,48,13,50,0,35,24,41,56,60,43,55,35,43,15,64,43,70,69,65,67,141,135,129,129,124,80,156,87,105,23,52,0,0,0,0,0,0,0,1,3,100,70,59,-8,-8,-8,-10,-14,-3,-3,-10,-27,-4,-4,0,-231,0,0,0,0,564,552,1411,1455,1108,1204,1152,881,1871,1849,1609,1345,29961,10382,29970,29970,29977,29977,29985,29986,29987,29986,29987,29982,29991,29992]} 1. e4 d6 2. d4 g6 3. Nc3 Bg7 4. f4 a6 5. Nf3 b5 6. Bd3 {B06: Modern Defence} c5 (6... Bb7 7. Qe2 c5 8. dxc5 dxc5 9. e5 Nh6 10. Be4 Qc8 11. Bxb7 Qxb7 12. Qe4 Nc6 13. Be3 c4 14. Nd4 Rc8 15. Nd5 Nd8 16. O-O-O e6 17. Nc3 Nf5 18. Nxf5 gxf5 19. Rxd8+ {1-0 (19) Yu,Y (2729)-Maghsoodloo,P (2584) Doha 2016}) 7. dxc5 dxc5 8. e5 Bb7 {LiveBook: 6 Games} 9. Be3 c4 10. Be4 Nc6 $146 (10... Qxd1+ $142 11. Rxd1 Bxe4 12. Nxe4 Nc6) (10... Qxd1+ 11. Rxd1 Bxe4 12. Nxe4 Nh6 13. Ke2 Nf5 {½-½ (54) Marek,M (2426)-Nadj Hedjesi,B (2382) Kecskemet 2016}) 11. Nd4 Rc8 {[%cal Ba8c8,Bc8c7,Bc7d7][%mdl 32]} 12. Qf3 (12. O-O $142) 12... Nxd4 $16 13. Bxd4 Bxe4 14. Qxe4 Nh6 ({Black should try} 14... Qc7) 15. Qb7 (15. O-O-O $16) 15... Rc7 $1 $14 {[%cal Rc7b7]} 16. Qb6 Rd7 17. Qxd8+ Rxd8 18. Bc5 Nf5 19. O-O h5 20. a4 Rc8 21. Ne4 O-O 22. axb5 axb5 23. Ra7 Rfe8 24. Rd1 Ra8 25. Rb7 Reb8 26. Rxb8+ Rxb8 27. Rd7 Bf8 ({Black should play} 27... Ra8 $14) 28. c3 $16 Ra8 29. Kf2 Ra1 30. Rd8 Kg7 (30... Rc1 $142) 31. Ng3 (31. h3 $142) 31... Nxg3 32. hxg3 {[%mdl 4096] Endgame KRB-KRB} (32. Kxg3 $16 Rb1 33. Ba3) 32... Ra2 33. Rd2 ({Better is} 33. Ba3 $14) 33... e6 $11 34. Bxf8+ Kxf8 {KR-KR} 35. Ke3 Ra7 36. Rd8+ Ke7 37. Rb8 Ra5 (37... Rd7 $11 {keeps the balance.}) 38. Rb7+ $16 Kf8 39. f5 (39. Kd4 $14) 39... gxf5 $11 40. Kf4 Kg7 41. Kg5 {[#]} b4 $1 {[%mdl 512]} 42. Rxb4 Rxe5 {And now ...Re4 would win.} 43. Rxc4 Re2 44. b4 $1 {[%cal Bb2b4,Bb4b5,Bb5b6,Bb6b7][%mdl 32] Hoping for b5.} Rxg2 45. Kxh5 $2 (45. b5 $11 {and White stays safe.} Rb2 46. Rb4) 45... Rxg3 $2 (45... Kf6 $1 $19 46. b5 Rxg3) 46. Kh4 $1 {[%cal Rh4g3]} Rd3 47. b5 e5 $2 {[%mdl 8192]} (47... Rd8 $11 {and Black has nothing to worry.}) 48. b6 $18 {Threatens to win with b7.} Rd8 49. b7 Rb8 50. Rc7 $1 Kf6 {[#]} 51. c4 $1 {[%cal Bc3c4,Bc4c5,Bc5c6,Bc6c7][%mdl 32]} e4 52. Kg3 Ke5 {[#]} 53. c5 $1 {[%cal Rc5c6]} (53. Rxf7 f4+ 54. Kg2 (54. Kf2 Kd6 $11) 54... Kd6 $11) 53... f4+ 54. Kf2 e3+ 55. Kf3 {White mates.} Kd5 56. c6 (56. Rxf7 Kxc5 57. Rf5+ (57. Kxf4 e2 58. Re7 Rxb7 59. Rxe2 Rf7+ 60. Ke4 Rf8 $11) (57. Rxf4 Rxb7 58. Kxe3 Rb3+ 59. Ke4 Kd6 $11) 57... Kc6 $11) (56. Kxf4 e2 57. Re7 Rxb7 58. Rxe2 Kc6 $11) 56... Rh8 57. Rc8 ({Not} 57. Kxf4 e2 58. Re7 Kxc6 $11) ({Stronger than} 57. Rxf7 Kxc6 58. Rxf4 Kxb7 $11) 57... Rh3+ 58. Kxf4 e2 59. Re8 Rb3 60. c7 ({Worse is} 60. Rxe2 Kxc6 61. Re7 Rxb7 62. Rxb7 Kxb7 $11) 1-0

[Event "EIWCC 2017"]
[Site "Riga"]
[Date "2017.04.16"]
[Round "6"]
[White "Lickrastina, Agnese"]
[Black "Heinatz, Maria"]
[Result "1-0"]
[WhiteElo "2223"]
[BlackElo "1990"]
[Annotator "TA"]
[PlyCount "101"]
[EventDate "2017.??.??"]
[EventType "swiss"]
[EventCountry "LAT"]
[SourceTitle "playchess.com"]
[Source "ChessBase"]
[SourceQuality "1"]

{[%evp 19,101,31,50,48,50,50,57,50,53,58,56,-7,-9,-3,17,0,117,4,0,11,116,78,74,0,41,32,89,30,66,52,58,37,43,56,45,0,125,131,116,115,133,134,168,168,163,146,182,-173,125,0,170,183,287,189,285,209,270,268,464,429,631,608,832,858,824,725,1270,1271,1245,1238,1654,1656,1639,1599,29987,29988,29987,5812,29986,29987,29987,29968,5177,1507]} 1. e4 c5 2. Nf3 d6 3. d4 cxd4 4. Nxd4 Nf6 5. Nc3 a6 6. Be2 e5 7. Nb3 Be7 8. Bg5 Nbd7 9. a4 b6 10. O-O {B92: Sicilian Najdorf: 6 Be2} Bb7 {LiveBook: 3 Games} 11. f3 (11. Bf3 Rc8 12. Qe2 h6 13. Bxf6 Nxf6 14. Rfd1 g6 15. Nd2 h5 16. Nc4 Qc7 17. Ne3 Qc5 {1-0 (33) Duda,J (2563)-Jakubowski,K (2527) Warsaw 2014}) 11... O-O 12. Be3 {White is slightly better.} Rc8 13. Qd2 $146 (13. Nd2 d5 14. Nxd5 Bxd5 15. exd5 Nxd5 16. Bf2 Bc5 17. Bxa6 Ne3 18. Bxe3 Bxe3+ {1-0 (60) Bezgodova,M (2177)-Saulina,V (2266) Moscow 2013}) 13... Qc7 14. Rac1 Rfd8 15. Nd5 (15. Rfd1 $14) 15... Nxd5 $11 16. exd5 f5 {[%cal Bf7f5,Bf5f4][%mdl 32]} 17. c4 Rf8 (17... a5 $11) 18. Bd3 (18. a5 $1 $16) 18... f4 19. Bf2 Qd8 (19... a5 $1 $11) 20. Be4 Bh4 21. g3 (21. Bxh4 $16 Qxh4 22. a5) 21... Bg5 {aiming for ...fxg3.} 22. g4 $1 g6 (22... a5 $14) 23. Qe1 (23. Qb4 $16) 23... Nf6 24. Nd2 b5 25. h4 $36 {[%mdl 2048] White has some pressure.} Nxe4 26. Nxe4 Be7 27. b3 Kg7 (27... bxc4 $11 28. bxc4 a5) 28. Kg2 $16 (28. axb5 $6 axb5 29. Qb4 Qd7 $11) 28... Qd7 29. Qa5 bxc4 30. bxc4 (30. Rxc4 $6 Rh8 $11) 30... Bd8 31. Qb4 Be7 32. Rh1 Rb8 {...Bxd5! is the strong threat.} 33. Ba7 $4 {[%mdl 8192] [#]} (33. Qc3 $18 {and all is fine.}) 33... Ra8 $2 ({Better is} 33... Bxd5 $1 $19 {[%mdl 512]} 34. Bxb8 (34. cxd5 Rxb4) 34... Bxe4) 34. Bf2 Rab8 {And now ...Bxd5! would win.} 35. Qa3 Rfc8 (35... h5 {is a better defense.}) 36. a5 Ba8 (36... h5 $142) 37. Bb6 Rb7 38. h5 g5 $2 (38... Rbb8 39. Qb2 Kg8 40. hxg6 hxg6) 39. Rhd1 $18 (39. c5 dxc5 40. h6+ (40. Bxc5 Rcb8 $16) 40... Kf7 $18) 39... h6 (39... Kh8 $142 40. Qb2 Bf8) 40. Qa1 Bf6 41. c5 dxc5 42. Nxc5 Qb5 43. Ne6+ Kf7 44. Rxc8 {Threatening mate with Rf8+.} Rxb6 45. Rf8+ (45. Rxa8 Qe2+ 46. Kg1 Qe3+ 47. Kg2 Qe2+ 48. Kg1 Qe3+ 49. Kg2 Qe2+ $11) 45... Ke7 46. Qa3+ (46. Rxa8 Qe2+ 47. Kg1 Qe3+ 48. Kg2 Qe2+ 49. Kg1 Qe3+ 50. Kg2 Qe2+ $11) 46... Rd6 47. Rd2 ({Inferior is} 47. Rxa8 Qe2+ 48. Kh3 Qxd1 49. Ra7+ Ke8 $11) 47... Bxd5 {[#]} 48. Rxf6 $1 {[%mdl 512]} (48. Nc7 $142 Bxf3+ 49. Kh2 (49. Kxf3 Qf1+ 50. Ke4 Qe1+ 51. Kf5 Qxd2 52. Rxf6 Qc2+ 53. Kxe5 Qe2+ 54. Kf5 Qc2+ 55. Ke5 Qe2+ 56. Kf5 Qc2+ 57. Ke5 $11) 49... Qc6 50. Rxf6 Kxf6 51. Rxd6+ Kf7 52. Rxc6 Bxc6 53. Qd6) 48... Kxf6 49. Qxd6 Bxf3+ 50. Kh2 Qc6 51. Nc5+ 1-0

[Event "EIWCC 2017"]
[Site "Riga"]
[Date "2017.04.16"]
[Round "6"]
[White "Zherebtsova, Alexandra"]
[Black "Lazarne Vajda, Szidonia"]
[Result "1/2-1/2"]
[WhiteElo "2222"]
[BlackElo "2355"]
[Annotator "TA"]
[PlyCount "80"]
[EventDate "2017.??.??"]
[EventType "swiss"]
[EventCountry "LAT"]
[SourceTitle "playchess.com"]
[Source "ChessBase"]
[SourceQuality "1"]

{[%evp 11,80,22,31,22,28,25,33,6,26,18,39,37,53,48,43,47,51,29,60,32,30,44,49,25,37,27,36,-12,25,25,33,29,59,19,34,31,37,19,15,18,15,13,8,0,0,0,33,31,34,23,27,22,20,9,7,0,15,0,22,0,21,0,52,0,39,-4,580,-79,37,-13,49]} 1. d4 d5 2. Nf3 Nf6 3. c4 c6 4. e3 Bf5 5. Nc3 e6 6. Nh4 Bg6 7. Qb3 {D12: Slav Defence: 3 Nf3 Nf6 4 e3 Bf5} (7. Be2 Nbd7 8. O-O Bd6 9. g3 Qe7 10. Qb3 Rb8 11. Rd1 Ne4 12. cxd5 exd5 13. Nxe4 Bxe4 14. f3 Bg6 {1-0 (72) Caruana,F (2823)-Topalov,V (2760) Saint Louis 2016}) 7... Qc7 8. Nxg6 hxg6 9. Bd2 {White is slightly better.} Nbd7 10. g3 Bd6 11. Bg2 dxc4 12. Qxc4 Nb6 13. Qe2 e5 14. dxe5 $146 (14. Rc1 Qe7 15. dxe5 Bxe5 {0-1 (68) Cvek,R (2520)-Marusenko,P (2323) Pardubice 2009}) 14... Bxe5 15. O-O-O Qe7 16. f4 Bc7 17. e4 O-O-O 18. Kb1 Kb8 19. Bf3 Nfd7 20. h4 f6 21. Be3 Nc5 22. Bc1 Nca4 23. Nxa4 Nxa4 24. Rxd8+ Rxd8 25. Rd1 Rxd1 26. Qxd1 Nc5 27. Qd4 Bb6 28. Qc4 Ne6 29. Bg4 Nd8 30. Bd2 Bf2 31. Qd3 $40 {[%mdl 128] White mounts an attack.} Nf7 32. Qf3 Bd4 33. Qd3 Bf2 34. Qf3 Bd4 35. Qd3 Bf2 36. Qf3 Qc5 (36... Bd4 $11) 37. Qb3 (37. a3 $14) 37... Qe7 38. Qd3 Bd4 $2 {[%mdl 8192] [#]} (38... Qd6 $11 39. Kc2 Qxd3+ 40. Kxd3 Bxg3) 39. Qb3 $2 (39. Qxd4 $18 Qd6 40. Qe3) 39... Bf2 ({Black should play} 39... Qxe4+ $17 40. Kc1 Qe7) 40. Qd3 Qd8 (40... Qd6 $11 41. Kc2 Qxd3+ 42. Kxd3 Bxg3) 1/2-1/2